| 000 | 00727cam a2200205 4500 | ||
|---|---|---|---|
| 001 | WB3609-05 | ||
| 008 | 000000n2000 000 0 eng u | ||
| 035 | _a(Sirsi) u104494 | ||
| 245 | _aGoing public | ||
| 260 | _c2000 | ||
| 490 |
_aConstruction News _v(6654) 24 February 2000, 8(1) |
||
| 520 | _aResearch by Arthur Andersen shows that 6 of the 42 companies that opted to go private in 1999 were construction firms. The research showed that the most common reason for firms choosing to go private is poor share price performance. | ||
| 590 | _aWB | ||
| 650 | _aCONSTRUCTION COMPANIES | ||
| 650 | _aPRIVATE COMPANIES | ||
| 650 | _aSHARE PRICES | ||
| 650 | _aPERFORMANCE | ||
| 690 | _aBUILT ENVIRONMENT | ||
| 942 | _n0 | ||
| 999 |
_c62696 _d62696 |
||